书目信息 |
| 书名: | The student's dictionary of phrasal verbs | |
| 作者: | Nigel D. Turton and Martin H. Manser. | |
| 分册号: | ||
| 分册名: | 出版地: | London : |
|
| 出版社: | Macmillan | |
| 出版时间: | 1985. | |
| 页数: | 223 p. | |
| 开本: | ||
| 丛书名: | ||
| 中图分类号: | ||
| 科图分类号: | ||
| 其他分类号: | H314.2-61 | |
| 主题词: | ||
| 电子资源: | ||
| 000 | 00547nam 22001937a 4500 | |
| 001 | E0739303679 | |
| 005 | 20070302142205.26 | |
| 008 | 030506 1985 enka d 001 0 eng d | |
| 020 | @a0333350235. | |
| 040 | @aNUL@cNUL | |
| 090 | @aJ684.42042/W3 | |
| 090 | @aH314.2-61 | |
| 099 | @dH314.2-61@ex20 | |
| 100 | 1 | @aTurton, Nigel D.. |
| 245 | 14 | @aThe student's dictionary of phrasal verbs / @cNigel D. Turton and Martin H. Manser. |
| 260 | @aLondon :@bMacmillan,@c1985. | |
| 300 | @a223 p. | |
| 700 | 1 | @aManser, Martin H. |
| 920 | @a232010@z2 | |
| The student's dictionary of phrasal verbs / / Nigel D. Turton and Martin H. Manser.-London : : Macmillan, , 1985. |
| 223 p. |
| ISBN 0333350235. |
| ● |
| 相关链接 |
|
|
|
|
正题名:student's dictionary of phrasal verbs
索取号:H314.2-61/x20
 
预约/预借
| 序号 | 登录号 | 条形码 | 馆藏地/架位号 | 状态 | 备注 |
| 1 | 181708 | 001044328 | 第二样本阅览室/ [索取号:H314.2-61/x20] | 在馆 | |
| 2 | 181709 | 001044319 | 第四借阅区/ [索取号:H314.2-61/x20] | 在馆 | |
| 3 | 181710 | 001044300 | 第四借阅区/ [索取号:H314.2-61/x20] | 在馆 |